[Event "Berlin Lichtenberger op 18th"]
[Site "Berlin"]
[Date "2019.08.22"]
[Round "6"]
[White "Korell, Klaus Peter"]
[Black "Amelang, Thomas"]
[Result "0-1"]
[WhiteElo "1816"]
[BlackElo "2165"]
[PlyCount "72"]
[EventDate "2019.08.17"]
[EventType "swiss"]
[EventRounds "9"]
[EventCountry "GER"]
[SourceTitle "EXT 2020"]
[Source "ChessBase"]
[SourceDate "2019.10.17"]
[SourceVersion "1"]
[SourceVersionDate "2019.10.17"]
[SourceQuality "1"]

1. d4 c5 2. d5 Nf6 3. c4 b5 4. cxb5 a6 5. bxa6 Bxa6 6. Nc3 d6 7. Nf3 g6 8. e4 Bxf1 9. Kxf1 Bg7 10. g3 Qb6 11. Kg2 Na6 12. Qe2 0-0 13. a4 Nc7 14. Nd2 e6 15. dxe6 fxe6 16. Nc4 Qc6 17. Bf4 d5 18. Bxc7 Qxc7 19. Nb5 Qc6 20. Ncd6 dxe4 21. Rhe1 e3+ 22. f3 Nd5 23. Ne4 Rf5 24. Rec1 Bf8 25. Nd4 Qb6 26. Nxf5 gxf5 27. Nc3 Bg7 28. Nd1 Bd4 29. Ra3 f4 30. g4 Kf7 31. Nc3 Qb4 32. Rca1 Ra5 33. Qc2 Qc4 34. Rb3 Ra7 35. a5 e2 36. Re1 Ne3+ 0-1

[Event "Berlin Lichtenberger op 18th"]
[Site "Berlin"]
[Date "2019.08.21"]
[Round "5"]
[White "Amelang, Thomas"]
[Black "Meyer Dunker, Paul"]
[Result "0-1"]
[WhiteElo "2165"]
[BlackElo "2064"]
[PlyCount "74"]
[EventDate "2019.08.17"]
[EventType "swiss"]
[EventRounds "9"]
[EventCountry "GER"]
[SourceTitle "EXT 2020"]
[Source "ChessBase"]
[SourceDate "2019.10.17"]
[SourceVersion "1"]
[SourceVersionDate "2019.10.17"]
[SourceQuality "1"]

1. e4 e5 2. Nf3 Nc6 3. Bb5 f5 4. d4 fxe4 5. Nxe5 Nxe5 6. dxe5 c6 7. Bc4 Qa5+ 8. Nc3 Qxe5 9. Bxg8 Rxg8 10. Be3 d5 11. Qd2 Bb4 12. Bd4 Qc7 13. a3 Ba5 14. Qg5 Qe7 15. Qe3 Bg4 16. Bxa7 Bc7 17. Bc5 Qe5 18. Bd4 Qf4 19. Qxf4 Bxf4 20. 0-0 Bd6 21. f3 exf3 22. h3 Bh5 23. g4 Bg6 24. Rxf3 Kd7 25. Raf1 Rae8 26. Na4 Re7 27. c3 Rge8 28. Nc5+ Kc7 29. b4 b6 30. Nd3 Be4 31. Re3 Ra8 32. Nf2 c5 33. bxc5 bxc5 34. Nxe4 cxd4 35. cxd4 dxe4 36. Rc1+ Kd7 37. Rec3 Ra4 0-1

[Event "Berlin Lichtenberger op 17th"]
[Site "Berlin"]
[Date "2018.08.26"]
[Round "9"]
[White "Amelang, Thomas"]
[Black "Heppert, Lars"]
[Result "1-0"]
[WhiteElo "2177"]
[BlackElo "1925"]
[PlyCount "53"]
[EventDate "2018.08.18"]
[EventType "swiss"]
[EventRounds "9"]
[EventCountry "GER"]
[SourceTitle "CBM 186 Extra"]
[Source "ChessBase"]
[SourceDate "2018.08.24"]
[SourceVersion "1"]
[SourceVersionDate "2018.08.24"]
[SourceQuality "1"]

1. e4 c5 2. Nc3 Nc6 3. g3 g6 4. d3 Bg7 5. Be3 Nd4 6. Qd2 Nf6 7. h3 d6 8. Nce2 e5 9. c3 Ne6 10. Bg2 Rb8 11. f4 exf4 12. Nxf4 0-0 13. Nge2 b5 14. 0-0 Bb7 15. Rf2 Qd7 16. Raf1 Nc7 17. g4 g5 18. Nh5 Nxh5 19. gxh5 h6 20. Ng3 f6 21. d4 Qc6 22. e5 d5 23. Nf5 Qd7 24. Nxg7 cxd4 25. Bxd4 Qxg7 26. Rxf6 Rxf6 27. Rxf6 1-0

[Event "Berlin Lichtenberger op 17th"]
[Site "Berlin"]
[Date "2018.08.21"]
[Round "4"]
[White "Pueschel, Werner"]
[Black "Amelang, Thomas"]
[Result "1/2-1/2"]
[WhiteElo "2034"]
[BlackElo "2177"]
[PlyCount "44"]
[EventDate "2018.08.18"]
[EventType "swiss"]
[EventRounds "9"]
[EventCountry "GER"]
[SourceTitle "CBM 186 Extra"]
[Source "ChessBase"]
[SourceDate "2018.08.24"]
[SourceVersion "1"]
[SourceVersionDate "2018.08.24"]
[SourceQuality "1"]

1. b3 d6 2. Bb2 Nd7 3. e3 Ngf6 4. Be2 g6 5. d3 Bg7 6. Nd2 c6 7. h4 h5 8. a4 Qc7 9. Nh3 d5 10. a5 Ne5 11. Ra4 Neg4 12. Qa1 e5 13. Nf3 Nd7 14. d4 e4 15. Nd2 Bh6 16. Nf1 Nf8 17. g3 Ne6 18. Bxg4 hxg4 19. Nf4 Bxf4 20. exf4 g5 21. fxg5 Nxg5 22. Bc1 Ne6 1/2-1/2

[Event "Regionalliga Sued-West 1718"]
[Site "Bayern"]
[Date "2017.11.26"]
[Round "3.5"]
[White "Loos, Stephan"]
[Black "Amelang, Thomas"]
[Result "1/2-1/2"]
[WhiteElo "2026"]
[BlackElo "2115"]
[PlyCount "168"]
[EventDate "2017.10.22"]
[EventType "team-tourn"]
[EventRounds "9"]
[EventCountry "GER"]
[SourceTitle "EXT 2022"]
[Source "ChessBase"]
[SourceDate "2021.10.06"]
[SourceVersion "1"]
[SourceVersionDate "2021.10.06"]
[SourceQuality "1"]
[WhiteTeam "Muenchen FC Bayern"]
[BlackTeam "Muenchen SC II"]
[WhiteTeamCountry "GER"]
[BlackTeamCountry "GER"]

1. d4 c5 2. d5 Nf6 3. c4 b5 4. cxb5 a6 5. e3 axb5 6. Bxb5 Qb6 7. Nc3 Bb7 8. Bc4 g6 9. Nf3 Bg7 10. 0-0 0-0 11. e4 d6 12. Qe2 Ba6 13. Bxa6 Nxa6 14. Bg5 Rfb8 15. Rab1 Nc7 16. Rfd1 h6 17. Bf4 Nb5 18. Qc2 Nd4 19. Nxd4 cxd4 20. Na4 Qb5 21. b3 d3 22. Qc1 Nxe4 23. f3 Nf6 24. Bxh6 Qxd5 25. Bxg7 Qd4+ 26. Kh1 Kxg7 27. Rd2 e5 28. Qf1 e4 29. Rbd1 Rh8 30. Qg1 Qe5 31. g3 d5 32. Kg2 Qf5 33. Rf1 Qh3+ 34. Kh1 Rac8 35. Nb6 Rc6 36. Nxd5 Nxd5 37. fxe4 Ne3 38. Rf3 Ng4 39. Qd4+ Rf6 40. Rxf6 Nxf6 41. Rf2 Qe6 42. Kg1 Rc8 43. Qxd3 Qxe4 44. Qd2 Qe5 45. Re2 Qc5+ 46. Kg2 Qc6+ 47. Kg1 Qc1+ 48. Qxc1 Rxc1+ 49. Kf2 Ng4+ 50. Kf3 f5 51. h3 Rc3+ 52. Kg2 Nf6 53. b4 Ne4 54. b5 Rxg3+ 55. Kh2 Ra3 56. b6 Ra8 57. Rb2 Nc5 58. b7 Rb8 59. Rb5 Rxb7 60. Rxc5 Rb2+ 61. Kg3 Rxa2 62. Kh4 Kh6 63. Rc6 Ra4+ 64. Kg3 Kg5 65. Rb6 Ra3+ 66. Kg2 Kh5 67. Rb5 Kh4 68. Rb4+ Kg5 69. Rb6 Re3 70. Ra6 Kh5 71. Ra5 Kh4 72. Ra4+ Re4 73. Ra8 Rc4 74. Rh8+ Kg5 75. Kg3 Rc3+ 76. Kg2 Kf4 77. Rh4+ Ke5 78. Ra4 Re3 79. Ra6 g5 80. Ra2 Kf4 81. Rf2+ Ke4 82. Ra2 Rd3 83. Re2+ Kd4 84. Re8 Re3 1/2-1/2

[Event "Regionalliga Sued-West 1718"]
[Site "Bayern"]
[Date "2017.11.12"]
[Round "2.5"]
[White "Amelang, Thomas"]
[Black "Jankowski, Moritz"]
[Result "1-0"]
[WhiteElo "2115"]
[BlackElo "1857"]
[PlyCount "81"]
[EventDate "2017.10.22"]
[EventType "team-tourn"]
[EventRounds "9"]
[EventCountry "GER"]
[SourceTitle "EXT 2022"]
[Source "ChessBase"]
[SourceDate "2021.10.06"]
[SourceVersion "1"]
[SourceVersionDate "2021.10.06"]
[SourceQuality "1"]
[WhiteTeam "Muenchen SC II"]
[BlackTeam "Marktoberdorf"]
[WhiteTeamCountry "GER"]
[BlackTeamCountry "GER"]

1. e4 e5 2. Nf3 Nc6 3. Bb5 a6 4. Ba4 Nf6 5. 0-0 Be7 6. Re1 b5 7. Bb3 0-0 8. c3 d5 9. d3 Bg4 10. h3 Bh5 11. Bg5 d4 12. Bxf6 Bxf6 13. g4 Bg6 14. Bd5 Qd7 15. cxd4 Rad8 16. Bxc6 Qxc6 17. d5 Qd6 18. a4 b4 19. Nbd2 Qe7 20. Nc4 h5 21. Qd2 hxg4 22. hxg4 c6 23. d6 Qe6 24. Nh2 Bh4 25. Re2 c5 26. Qe3 Rc8 27. Kg2 f6 28. f4 exf4 29. Qxf4 Bg5 30. Qg3 Bf7 31. Nf3 Qe8 32. b3 Bxc4 33. dxc4 Qc6 34. Rd1 Rcd8 35. Rd5 Bc1 36. Ne1 Rfe8 37. Nd3 Bg5 38. Nxc5 Kf7 39. d7 Rh8 40. e5 fxe5 41. Qxe5 1-0

[Event "Berlin Lichtenberger op 16th"]
[Site "Berlin"]
[Date "2017.08.25"]
[Round "7"]
[White "Amelang, Thomas"]
[Black "Florstedt, Johannes"]
[Result "0-1"]
[WhiteElo "2178"]
[BlackElo "2232"]
[PlyCount "126"]
[EventDate "2017.08.19"]
[EventType "swiss"]
[EventRounds "9"]
[EventCountry "GER"]
[SourceTitle "CBM 180 Extra"]
[Source "ChessBase"]
[SourceDate "2017.10.06"]
[SourceVersion "1"]
[SourceVersionDate "2017.10.06"]
[SourceQuality "1"]

1. e4 e5 2. Nf3 Nc6 3. Bb5 a6 4. Ba4 Nge7 5. 0-0 g6 6. d4 exd4 7. Nxd4 Bg7 8. c3 0-0 9. Nxc6 Nxc6 10. Be3 d6 11. Nd2 Ne5 12. h3 f5 13. exf5 Bxf5 14. Nf3 Bd3 15. Nxe5 dxe5 16. Re1 e4 17. Qg4 Kh8 18. Qd7 b5 19. Qxd8 Rfxd8 20. Bb3 a5 21. a3 a4 22. Be6 h5 23. f3 Rd6 24. Ba2 b4 25. Rac1 exf3 26. gxf3 b3 27. Bb1 Bxb1 28. Rxb1 Rad8 29. Bf4 Rd3 30. Kf2 Rf8 31. Re4 Rd5 32. Ke2 Rdf5 33. Bxc7 Rxf3 34. Bb6 Rxh3 35. Rxa4 Rh2+ 36. Kd3 Rf3+ 37. Kc4 Rh4+ 38. Kxb3 Rxa4 39. Kxa4 h4 40. Kb4 h3 41. Bc7 Rf2 42. Kb3 g5 43. a4 Rf7 44. Bh2 Rf2 45. Rh1 g4 46. a5 Bh6 47. Be5+ Kh7 48. Bd4 Rf8 49. a6 Kg6 50. Kc4 Kh5 51. a7 Kh4 52. Be5 Bf4 53. Bf6+ Kg3 54. Rg1+ Kf3 55. Rf1+ Ke2 56. Rxf4 h2 57. Re4+ Kd1 58. Rd4+ Kc2 59. Bg5 h1Q 60. Rd2+ Kb1 61. b4 Qf1+ 62. Kb3 Qf7+ 63. c4 Qf3+ 0-1

[Event "Berlin Lichtenberger op 16th"]
[Site "Berlin"]
[Date "2017.08.24"]
[Round "6"]
[White "Amelang, Thomas"]
[Black "Bui, Bao Anh Le"]
[Result "1-0"]
[WhiteElo "2178"]
[BlackElo "1775"]
[PlyCount "65"]
[EventDate "2017.08.19"]
[EventType "swiss"]
[EventRounds "9"]
[EventCountry "GER"]
[SourceTitle "CBM 180 Extra"]
[Source "ChessBase"]
[SourceDate "2017.10.06"]
[SourceVersion "1"]
[SourceVersionDate "2017.10.06"]
[SourceQuality "1"]

1. e4 c5 2. Nc3 Nc6 3. d3 g6 4. Be3 d6 5. Qd2 Bg7 6. g3 e5 7. Bg2 Nge7 8. Bh6 0-0 9. h4 Bxh6 10. Qxh6 f6 11. Qd2 Nd4 12. Nd5 Bg4 13. c3 Ndc6 14. Ne2 b5 15. Ne3 Be6 16. d4 cxd4 17. cxd4 exd4 18. Nc2 d3 19. Qxd3 Ne5 20. Qd2 Nc4 21. Qc3 Rc8 22. Ncd4 Bd7 23. 0-0 a5 24. Nf4 Qb6 25. Nde6 b4 26. Qc1 Rf7 27. Rd1 Na3 28. Qd2 Bxe6 29. Nxe6 Rc2 30. Qf4 Nb5 31. Bf1 Rc6 32. Bxb5 Qxb5 33. Nd8 1-0

[Event "Berlin Lichtenberger op 16th"]
[Site "Berlin"]
[Date "2017.08.22"]
[Round "4"]
[White "Amelang, Thomas"]
[Black "Berger, Steve"]
[Result "0-1"]
[WhiteElo "2178"]
[BlackElo "2412"]
[PlyCount "92"]
[EventDate "2017.08.19"]
[EventType "swiss"]
[EventRounds "9"]
[EventCountry "GER"]
[SourceTitle "CBM 180 Extra"]
[Source "ChessBase"]
[SourceDate "2017.10.06"]
[SourceVersion "1"]
[SourceVersionDate "2017.10.06"]
[SourceQuality "1"]

1. e4 e6 2. d4 d5 3. exd5 exd5 4. Bd3 c5 5. dxc5 Bxc5 6. Nf3 Nf6 7. h3 0-0 8. 0-0 Nc6 9. Nbd2 Re8 10. Nb3 Bb6 11. c3 Qd6 12. Nbd4 Nxd4 13. cxd4 Ne4 14. Re1 Bf5 15. Be3 Bc7 16. Rc1 Re7 17. Re2 Rae8 18. a3 Bg6 19. Rec2 Bh5 20. Be2 Bxf3 21. Bxf3 Qh2+ 22. Kf1 Bf4 23. Rc8 Ng3+ 24. fxg3 Bxe3 25. R1c7 Re6 26. Rxe8+ Rxe8 27. Rxb7 Qg1+ 28. Ke2 Bf4+ 29. Kd3 Qe3+ 30. Kc2 Rc8+ 31. Kb1 Rc1+ 32. Qxc1 Qxc1+ 33. Ka2 Qc4+ 34. Ka1 Bc7 35. Rxa7 g6 36. Rb7 Qc6 37. Bxd5 Qxd5 38. Rxc7 Qxd4 39. Rc3 Qd1+ 40. Ka2 Qd5+ 41. Kb1 Qxg2 42. h4 Qe4+ 43. Kc1 Qd4 44. Kc2 f5 45. b3 Qf2+ 46. Kb1 Qd2 0-1

[Event "Berlin Lichtenberger op 14th"]
[Site "Berlin"]
[Date "2015.08.23"]
[Round "9"]
[White "Richter, Goetz"]
[Black "Amelang, Thomas"]
[Result "1/2-1/2"]
[WhiteElo "2088"]
[BlackElo "2158"]
[PlyCount "66"]
[EventDate "2015.08.15"]
[EventType "swiss"]
[EventRounds "9"]
[EventCountry "GER"]
[SourceTitle "EXT 2016"]
[Source "ChessBase"]
[SourceDate "2015.10.08"]
[SourceVersion "1"]
[SourceVersionDate "2015.10.08"]
[SourceQuality "1"]

1. e4 g6 2. d4 Bg7 3. Nc3 d6 4. Be3 a6 5. Qd2 b5 6. Bd3 Bb7 7. h4 h5 8. Nh3 Nf6 9. f3 Nbd7 10. Ne2 c6 11. Nf2 e5 12. c3 Qe7 13. Bc2 d5 14. Bg5 Qe6 15. Bb3 Nb6 16. 0-0-0 Nc4 17. Bxc4 bxc4 18. dxe5 Qxe5 19. exd5 cxd5 20. Nd4 0-0 21. Rde1 Qc7 22. Re2 Rae8 23. Rhe1 Qd7 24. Qf4 Nh7 25. Be7 Ra8 26. Nh3 Rfe8 27. Ng5 Nxg5 28. hxg5 Bc6 29. Qh4 Qc7 30. f4 Bxd4 31. cxd4 Bd7 32. f5 Bxf5 33. Bd6 Qd7 1/2-1/2

[Event "Regionalliga SW 1415"]
[Site "Bayern"]
[Date "2015.03.15"]
[Round "8.7"]
[White "Zellweger, Wilfried"]
[Black "Amelang, Thomas"]
[Result "0-1"]
[WhiteElo "1892"]
[BlackElo "2099"]
[PlyCount "64"]
[EventDate "2014.10.19"]
[EventType "team-tourn"]
[EventRounds "9"]
[EventCountry "GER"]
[SourceTitle "EXT 2018"]
[Source "ChessBase"]
[SourceDate "2017.10.13"]
[SourceVersion "1"]
[SourceVersionDate "2017.10.13"]
[SourceQuality "1"]
[WhiteTeam "Tuerkheim/Bad Woerishofen"]
[BlackTeam "Muenchen Siemens"]
[WhiteTeamCountry "GER"]
[BlackTeamCountry "GER"]

1. e4 d6 2. d4 g6 3. Nc3 Bg7 4. f4 c6 5. Nf3 Nf6 6. Bd3 0-0 7. 0-0 c5 8. dxc5 dxc5 9. e5 Nd5 10. Nxd5 Qxd5 11. Qe2 Nc6 12. c3 Bg4 13. Be4 Qd7 14. Rd1 Qc7 15. h3 Bxf3 16. Bxf3 Rad8 17. Be3 b6 18. Qb5 Nb8 19. b4 cxb4 20. cxb4 Qc3 21. Bf2 Rxd1+ 22. Rxd1 g5 23. Bd4 Qc2 24. fxg5 Qxa2 25. Ra1 Qd2 26. Qd5 Qxb4 27. Rxa7 Nc6 28. Qxc6 Qxd4+ 29. Kh1 Qxe5 30. Qxb6 Qe1+ 31. Qg1 Qxg1+ 32. Kxg1 Bd4+ 0-1

[Event "Berlin Lichtenberger op 13th"]
[Site "Berlin"]
[Date "2014.08.19"]
[Round "4"]
[White "Amelang, Thomas"]
[Black "Von Herman, Ulf"]
[Result "0-1"]
[WhiteElo "2109"]
[BlackElo "2379"]
[PlyCount "178"]
[EventDate "2014.08.16"]
[EventType "swiss"]
[EventRounds "9"]
[EventCountry "GER"]
[SourceTitle "CBM 161 Extra"]
[Source "ChessBase"]
[SourceDate "2014.08.29"]
[SourceVersion "1"]
[SourceVersionDate "2014.08.29"]
[SourceQuality "1"]

1. e4 d5 2. exd5 Nf6 3. d4 Nxd5 4. Nf3 g6 5. c3 Bg7 6. Bc4 0-0 7. 0-0 c6 8. Nbd2 Nd7 9. Re1 N5b6 10. Bb3 c5 11. Nc4 Nxc4 12. Bxc4 cxd4 13. Nxd4 e5 14. Nb5 Nb6 15. Bb3 Bd7 16. Nd6 Bc6 17. Nc4 Nxc4 18. Bxc4 Qc7 19. Qb3 Rad8 20. a4 Rc8 21. Be2 h6 22. Be3 b6 23. Qb4 Qb7 24. f3 Rfd8 25. a5 Bf8 26. Qh4 bxa5 27. Rxa5 Qxb2 28. Rxa7 Qxc3 29. Qf2 Bd5 30. Raa1 Be6 31. Ba6 Ra8 32. Rac1 Qb4 33. Bf1 Rdc8 34. Qd2 Rxc1 35. Qxb4 Bxb4 36. Rxc1 Kg7 37. Bc4 Bxc4 38. Rxc4 Ra1+ 39. Rc1 Ra2 40. Rc4 Be7 41. Rc7 Bh4 42. Rc1 Re2 43. Bc5 Bg5 44. Rc3 Re1+ 45. Kf2 Rh1 46. Rc4 Bf4 47. h3 h5 48. Rc2 g5 49. Bb6 h4 50. Ke2 Rb1 51. Ba5 Rg1 52. Kf2 Ra1 53. Bc3 Rb1 54. Ke2 Kg6 55. Ba5 Kf5 56. Kd3 Rd1+ 57. Ke2 Rg1 58. Kd3 Ra1 59. Bc3 Ra3 60. Re2 Ke6 61. Kc4 Ra8 62. Rb2 Rd8 63. Re2 Kf5 64. Be1 Rd7 65. Bc3 Ke6 66. Ra2 Be3 67. Re2 Bd4 68. Be1 Ra7 69. Bb4 f5 70. Be1 Rc7+ 71. Kd3 Kd5 72. Bd2 Rg7 73. Be1 Ra7 74. Bd2 e4+ 75. fxe4+ fxe4+ 76. Kc2 Rg7 77. Bc1 g4 78. hxg4 Rxg4 79. Bd2 Kc4 80. Bc1 Be5 81. Be3 Rg3 82. Bd2 Kd5 83. Be1 Rg4 84. Kd1 Bf4 85. Ra2 Bg3 86. Bd2 Bf2 87. Ke2 Rxg2 88. Kf1 h3 89. Ra5+ Bc5 0-1

[Event "Berlin Lichtenberger op 13th"]
[Site "Berlin"]
[Date "2014.08.18"]
[Round "3"]
[White "Tonndorf, Matthias"]
[Black "Amelang, Thomas"]
[Result "0-1"]
[WhiteElo "2263"]
[BlackElo "2109"]
[PlyCount "68"]
[EventDate "2014.08.16"]
[EventType "swiss"]
[EventRounds "9"]
[EventCountry "GER"]
[SourceTitle "CBM 161 Extra"]
[Source "ChessBase"]
[SourceDate "2014.08.29"]
[SourceVersion "1"]
[SourceVersionDate "2014.08.29"]
[SourceQuality "1"]

1. e4 g6 2. d4 Bg7 3. Nc3 d6 4. Be3 Nf6 5. f3 c6 6. a4 b6 7. Qd2 Ba6 8. Bxa6 Nxa6 9. Nge2 e5 10. 0-0 0-0 11. Rab1 c5 12. d5 Nc7 13. Nb5 a6 14. Nxc7 Qxc7 15. b4 Nd7 16. Rfc1 f5 17. exf5 gxf5 18. c4 Rae8 19. Rb3 Qd8 20. Rcb1 f4 21. Bf2 e4 22. fxe4 Rxe4 23. Qd3 Qe8 24. Nc3 Re7 25. h3 Ne5 26. Qf1 Qg6 27. Na2 Qc2 28. bxc5 bxc5 29. Bh4 Ref7 30. Nc1 f3 31. g4 f2+ 32. Kh2 Nf3+ 33. Rxf3 Rxf3 34. Ne2 Qxb1 0-1

[Event "Berlin Lichtenberger op 12th"]
[Site "Berlin"]
[Date "2013.08.22"]
[Round "6"]
[White "Amelang, Thomas"]
[Black "Reiche, Andreas"]
[Result "1-0"]
[WhiteElo "2136"]
[BlackElo "1940"]
[PlyCount "87"]
[EventDate "2013.08.17"]
[EventType "swiss"]
[EventRounds "9"]
[EventCountry "GER"]
[SourceTitle "CBM 156 Extra"]
[Source "ChessBase"]
[SourceDate "2013.10.22"]
[SourceVersion "1"]
[SourceVersionDate "2013.10.22"]
[SourceQuality "1"]

1. e4 c5 2. Nc3 d6 3. d3 g6 4. Be3 Bg7 5. Qd2 Qa5 6. g3 b5 7. Bg2 Bb7 8. Nge2 Nc6 9. 0-0 Nd4 10. Nc1 a6 11. f4 b4 12. Nd1 Qc7 13. c3 Nc6 14. cxb4 cxb4 15. Nb3 Nf6 16. h3 0-0 17. Rc1 a5 18. d4 a4 19. Na1 Qa5 20. d5 Nb8 21. Nc2 Ba6 22. Re1 Rc8 23. Qxb4 Bd3 24. Qxa5 Rxa5 25. Nb4 Rxc1 26. Bxc1 Bb5 27. Nc3 Nfd7 28. Be3 a3 29. Nxb5 Rxb5 30. bxa3 Bb2 31. Bf1 Ra5 32. Rb1 Bxa3 33. Nc6 Ra8 34. Nxe7+ Kf8 35. Nc6 Na6 36. Bxa6 Rxa6 37. Nb8 Nxb8 38. Rxb8+ Ke7 39. Rb7+ Ke8 40. Ra7 Rxa7 41. Bxa7 Bb2 42. Kf2 f5 43. Kf3 fxe4+ 44. Kxe4 1-0

[Event "Berlin Lichtenberger op 12th"]
[Site "Berlin"]
[Date "2013.08.19"]
[Round "3"]
[White "Luebke, Thomas"]
[Black "Amelang, Thomas"]
[Result "1/2-1/2"]
[WhiteElo "1964"]
[BlackElo "2136"]
[PlyCount "73"]
[EventDate "2013.08.17"]
[EventType "swiss"]
[EventRounds "9"]
[EventCountry "GER"]
[SourceTitle "CBM 156 Extra"]
[Source "ChessBase"]
[SourceDate "2013.10.22"]
[SourceVersion "1"]
[SourceVersionDate "2013.10.22"]
[SourceQuality "1"]

1. e4 g6 2. d4 Bg7 3. Nf3 d6 4. Nc3 Nf6 5. Be2 c6 6. h3 0-0 7. Be3 b5 8. a3 a6 9. 0-0 Qc7 10. Qd2 Nbd7 11. Bh6 c5 12. Bxg7 Kxg7 13. Qe3 cxd4 14. Nxd4 e6 15. Rad1 Bb7 16. f4 Qb6 17. Rf3 Rac8 18. Rg3 Kh8 19. Kh2 e5 20. fxe5 dxe5 21. Nb3 Qxe3 22. Rxe3 Nc5 23. Nxc5 Rxc5 24. Bd3 Kg7 25. Rf1 Ne8 26. Re2 Nd6 27. g4 f6 28. Ref2 h6 29. Nd1 Bxe4 30. Ne3 Bb7 31. c3 e4 32. Bb1 Nc4 33. Nxc4 Rxc4 34. Re1 Rc5 35. Bxe4 Re5 36. Rfe2 Rfe8 37. Bd3 1/2-1/2

[Event "Berlin Lichtenberger op 12th"]
[Site "Berlin"]
[Date "2013.08.17"]
[Round "1"]
[White "Acikel, Mert"]
[Black "Amelang, Thomas"]
[Result "1/2-1/2"]
[WhiteElo "1741"]
[BlackElo "2136"]
[PlyCount "51"]
[EventDate "2013.08.17"]
[EventType "swiss"]
[EventRounds "9"]
[EventCountry "GER"]
[SourceTitle "CBM 156 Extra"]
[Source "ChessBase"]
[SourceDate "2013.10.22"]
[SourceVersion "1"]
[SourceVersionDate "2013.10.22"]
[SourceQuality "1"]

1. e4 d6 2. d4 g6 3. Nf3 Bg7 4. Nc3 Nf6 5. Bd3 c6 6. 0-0 0-0 7. Qe2 Qc7 8. Bd2 e5 9. dxe5 dxe5 10. Rad1 Nbd7 11. h3 Nc5 12. Be3 Ne6 13. Bc4 b5 14. Bxe6 Bxe6 15. Bc5 Bc4 16. Qe3 Bxf1 17. Bxf8 Bxf8 18. Kxf1 h6 19. a3 Rb8 20. Na2 a5 21. b4 c5 22. bxa5 b4 23. axb4 cxb4 24. Qb3 Qxa5 25. Qb2 Re8 26. Re1 1/2-1/2

[Event "Berlin Lichtenberger op 11th"]
[Site "Berlin"]
[Date "2012.08.26"]
[Round "9"]
[White "Scheide, Helmut"]
[Black "Amelang, Thomas"]
[Result "0-1"]
[WhiteElo "1998"]
[BlackElo "2140"]
[PlyCount "84"]
[EventDate "2012.08.18"]
[EventType "swiss"]
[EventRounds "9"]
[EventCountry "GER"]
[SourceTitle "CBM 150 Extra"]
[Source "ChessBase"]
[SourceDate "2012.10.19"]
[SourceVersion "1"]
[SourceVersionDate "2012.10.19"]
[SourceQuality "1"]

1. d4 c5 2. d5 Nf6 3. c4 b5 4. e3 g6 5. cxb5 a6 6. Nc3 Bg7 7. Nf3 d6 8. bxa6 Bxa6 9. Bxa6 Nxa6 10. 0-0 0-0 11. Qe2 Qb6 12. Rd1 e6 13. dxe6 fxe6 14. e4 Nd7 15. Qc4 Nc7 16. Na4 Qc6 17. Nc3 Nb6 18. Qe2 d5 19. e5 Na4 20. Nxa4 Rxa4 21. Ng5 h6 22. b3 Rh4 23. Nf3 Re4 24. Qd3 Kh7 25. Bb2 Ref4 26. Rac1 Na6 27. a3 Qb7 28. h3 d4 29. Re1 Rxf3 30. gxf3 Rxf3 31. Qf1 Rxb3 32. Rb1 Nc7 33. Ba1 Nd5 34. Qd3 Nf4 35. Qf1 Nxh3+ 36. Qxh3 Rxb1 37. Qf1 Rxe1 38. Qxe1 Qb3 39. Qc1 Qd5 40. f4 c4 41. a4 Bf8 42. Bb2 Bc5 0-1